Spell the Marvel Hero #129 - Statistics

General Stats
  • This quiz has been taken 14 times
  • The average score is 4 of 5
Answer Stats
Picture Answer % Correct
Ant-Man
100%
Punisher
85%
Superior Octopus
69%
Wasp
62%
White Fox
46%
No matching quizzes found
Score Distribution
Percent of People with Each Score
Percentile by Number Answered
Your Score History
You have not taken this quiz